Esposición [sic] que la sociedad del ferro-carril [sic] de S. Saturnino de Noya [i.e Sadurní d'Anoia] á Igualada elevada al gobierno de S.M. con motivo de la información abierta por Real orden ... sobre los anteproyectos del plan general de ferro-carriles [sic] ...

Descripció física: 11 p. ; 23 cm

MARC

LEADER 00000nam a2200000Ia 4500
001 16417
008 160829s1864 xx 000 0 cat d
080 |a RF-14-62 
245 |a Esposición [sic] que la sociedad del ferro-carril [sic] de S. Saturnino de Noya [i.e Sadurní d'Anoia] á Igualada elevada al gobierno de S.M. con motivo de la información abierta por Real orden ... sobre los anteproyectos del plan general de ferro-carriles [sic] ... 
260 |a Barcelona :  |b Establecimiento Tipográfico de Narciso Ramírez y Rialp,  |c 1864 
300 |a 11 p. ;  |c 23 cm 
590 |a Prové de 931, exp. 8 
650 |a Ferrocarrils  |x Catalunya  |x Vies  |x S. XIX  |9 43550 
856 4 |u https://media.diba.cat/diba/fitxers/arxiu/fulletons/bib_16417_1864_baixa.pdf  |y Accés lliure 
856 4 |u https://media.diba.cat/diba/fitxers/arxiu/fulletons/bib_16417_1864_baixa.pdf  |y Accés lliure 
901 |a Arxiu 
942 |n 1  |2 udc 
952 |0 0  |1 0  |4 0  |6 RF1462  |7 1  |9 51506  |a Arxiu  |b Arxiu  |d 2016-12-01  |l 0  |o RF-14-62  |p 16417  |r 2016-12-01 00:00:00  |w 2016-12-01  |y ARXIU 
999 |c 55350  |d 55350 
900 |a bib_16417_1864_baixa.pdf